Hide and Seek - Countries #20 - Statistics

General Stats
  • This quiz has been taken 8 times
    4 since last reset
  • The average score is 8 of 10
Answer Stats
Answer % Correct
Ecuador
100%
Estonia
100%
Ethiopia
100%
They all start with the letter "E".
100%
Egypt
75%
El Salvador
75%
Eritrea
75%
Eswatini
75%
East Timor
50%
Equatorial Guinea
50%
No matching quizzes found
Score Distribution
Percent of People with Each Score
Percentile by Number Answered
Your Score History
You have not taken this quiz since the last reset